000 00633cam a22002177a 4500
001 000009662
005 20200929161648.0
008 970922s1996 cu 000 0 spa
020 _a9590400442
040 _aDO-SdBNP
_cDLC
_dDLC
082 _aA862.44
_bA461s
100 1 _aAlsina, Carlos María,
_d1958-
_924549
245 1 3 _aEl sueño inmóvil /
_cCarlos María Alsina.
260 _aLa Habana :
_bCasa de las Américas,
_c1996.
300 _a38 p. ;
_c19 cm.
490 1 _aTeatro
650 4 _aTeatro argentino
_94843
650 4 _aLiteratura argentina
_93860
830 0 _aTeatro
_95617
910 _aCatalogación por copia / LC
999 _c9422
_d9422